| 000 | 00000nam##2200000za#4500 |
| 001 | 9.590798 |
| 003 | CaOODSP |
| 005 | 20250403104943 |
| 007 | cr ||||||||||| |
| 008 | 150406|2002||||xxc|||||o f|0| 0 fre|d |
| 020 | |a0-660-96476-7 |
| 022 | |a1205-9161 |
| 040 | |aCaOODSP|bfre |
| 043 | |an-cn--- |
| 086 | 1 |aCS11-0019/162F-PDF |
| 245 | 00|aÉvolution de la stabilité d'emploi au Canada : |h[ressource électronique]|btendances et comparaisons avec les résultats américains / |cpar Andrew Heisz. |
| 260 | |aOttawa - Ontario : |bStatistique Canada |c16 octobre 2002. |
| 300 | |a50p.|bgraphiques, références, tableaux |
| 490 | 1 |aDocuments de recherche - Direction des études analytiques|x1205-9161|vN° 162 |
| 590 | |a12-34-Supp|b2012-07-31 |
| 710 | 2 |aStatistique Canada. |
| 720 | 1 |aHeisz, Andrew |
| 775 | 08|tThe evolution of job stability in Canada : |w(CaOODSP)9.557577 |
| 830 | #0|aDocuments de recherche (Statistique Canada. Direction des études analytiques)|x1205-9161|vN° 162|w(CaOODSP)9.500842 |
| 856 | 40|ahttp://publications.gc.ca|qPDF|s370 Ko|uhttps://publications.gc.ca/collections/collection_2012/statcan/11f0019m/11f0019m2002162-fra.pdf|yN° 162 |